Visual Basic .Net Programming BLack BOOK (Record no. 5530)

MARC details
000 -LEADER
fixed length control field 00413nam a22001457a 4500
005 - DATE AND TIME OF LATEST TRANSACTION
control field 20170824143513.0
008 - FIXED-LENGTH DATA ELEMENTS--GENERAL INFORMATION
fixed length control field 170824b xxu||||| |||| 00| 0 eng dvd
020 ## - INTERNATIONAL STANDARD BOOK NUMBER
ISBN 978-81-7722-609-6
041 ## - LANGUAGE CODE
Language code of text/sound track or separate title eng
100 ## - MAIN ENTRY--AUTHOR NAME
Personal name Holzner Steven
245 ## - TITLE STATEMENT
Title Visual Basic .Net Programming BLack BOOK
Medium [electronic resource]
260 ## - PUBLICATION, DISTRIBUTION, ETC. (IMPRINT)
Place of publication Delhi
Name of publisher Dreamtech
300 ## - PHYSICAL DESCRIPTION
Number of Pages 1 CD-ROM
Accompanying material Received along with book.
942 ## - ADDED ENTRY ELEMENTS (KOHA)
Koha item type CD/DVD
Holdings
Lost status Damaged status Home library Current library Date acquired Accession Number Koha item type
    JRU Library   16/03/2016 VBNP0001 CD/DVD
    JRU Library   16/03/2016 VBNP0002 CD/DVD
    JRU Library   16/03/2016 VBNP0003 CD/DVD
    JRU Library   16/03/2016 VBNP0004 CD/DVD
    JRU Library   16/03/2016 VBNP0005 CD/DVD
    JRU Library   16/03/2016 VBNP0006 CD/DVD
    JRU Library   16/03/2016 VBNP0007 CD/DVD
    JRU Library   16/03/2016 VBNP0008 CD/DVD